| 000 | 00363 a2200169 4500 | ||
|---|---|---|---|
| 001 | 62482 | ||
| 020 | _a850103956x | ||
| 040 | _cAnchieta - Pituba | ||
| 100 | _aAndrade, Carlos Drummond | ||
| 240 | 1 | 0 |
_a70 historinhas _lpor |
| 245 | 1 | 0 | _a70 historinhas |
| 300 | _a167 | ||
| 362 | 0 | _a1998 | |
| 440 | 1 | _aRecord | |
| 650 | 4 | _aLiteratura brasileira | |
| 942 | _cBK | ||
| 999 |
_c62482 _d62482 |
||